Русские электротехники: краткие очерки жизни и деятельности

Dades bibliogràfiques
Autor principal: Рудометов И. И.
Altres autors: Белькинд Л. Д. (редактор)
Idioma:rus
Publicat: Москва, Госэнергоиздат, 1947
Matèries:
Format: MixedMaterials Llibre
KOHA link:https://koha.lib.tpu.ru/cgi-bin/koha/opac-detail.pl?biblionumber=190938

MARC

LEADER 00000nam0a2200000 4500
001 190938
005 20231101224321.0
035 |a (RuTPU)RU\TPU\book\208171 
090 |a 190938 
100 |a 20110131d1947 m y0rusy50 ca 
101 0 |a rus 
102 |a RU 
105 |a ac z 001zd 
200 1 |a Русские электротехники  |e краткие очерки жизни и деятельности  |f И. И. Рудометов  |g под ред. Л. Д. Белькинда 
210 |a Москва  |c Госэнергоиздат  |d 1947 
215 |a 127 с.  |c ил. 
320 |a Библиогр.: с. 124-128. 
600 1 |a Ломоносов  |g Михаил Васильевич  |b М. В.  |c ученый-естествоиспытатель, поэт, историк, художник, деятель просвещения, науки и экономики  |f 1711-1765  |2 stltpush  |3 (RuTPU)RU\TPU\pers\975 
600 1 |a Рихман  |b Г. В.  |f 1711-1753  |g Георг Вильгельм  |c российский физик  |c академик Петербургской АН  |2 stltpush  |3 (RuTPU)RU\TPU\pers\4086 
600 1 |a Болотов  |b А. Т.  |c российский естествоиспытатель, писатель  |c один из основоположников агрономической науки,хозяйственного и статистического учета в России  |f 1738-1833  |g Андрей Тимофеевич  |2 stltpush  |3 (RuTPU)RU\TPU\pers\14378  |9 4759 
600 1 |a Петров  |g Василий Владимирович  |b В. В.  |c российский физик  |c академик Петербургской АН  |f 1761-1834  |2 stltpush  |3 (RuTPU)RU\TPU\pers\1350 
600 1 |a Каразин  |b В. Н.  |c русский просветитель  |f 1773-1842  |g Василий Назарович  |2 stltpush  |3 (RuTPU)RU\TPU\pers\9288  |9 1843 
600 1 |a Шиллинг  |g Павел Львович  |b П. Л.  |c российский изобретатель  |c востоковед  |c член-корреспондент Петербургской АН  |f 1786-1837  |2 stltpush  |3 (RuTPU)RU\TPU\pers\902 
600 1 |a Якоби  |g Борис Семенович  |b Б. С.  |c российский физик  |c электротехник  |c настоящее имя Мориц Герман  |c академик Петербургской АН  |f 1801-1874  |2 stltpush  |3 (RuTPU)RU\TPU\pers\1353 
600 1 |a Ленц  |b Э. Х.  |f 1804-1865  |g Эмилий Христианович  |c российский физик  |c электротехник  |c академик Петербургской АН  |2 stltpush  |3 (RuTPU)RU\TPU\pers\4087 
600 1 |a Столетов  |g Александр Григорьевич  |b А. Г.  |c российский физик  |f 1839-1896  |2 stltpush  |3 (RuTPU)RU\TPU\pers\980 
600 1 |a Лачинов  |b Д. А.  |c русский электротехник  |f 1842-1902  |g Дмитрий Александрович  |2 stltpush  |3 (RuTPU)RU\TPU\pers\24661  |9 10924 
600 1 |a Чиколев  |b В. Н.  |f 1845-1898  |g Владимир Николаевич  |c российский электротехник  |2 stltpush  |3 (RuTPU)RU\TPU\pers\4094 
600 1 |a Яблочков  |b П. Н.  |f 1847-1894  |g Павел Николаевич  |c российский электротехник  |2 stltpush  |3 (RuTPU)RU\TPU\pers\4091 
600 1 |a Лодыгин  |g Александр Николаевич  |b А. Н.  |c российский электротехник  |f 1847-1923  |2 stltpush  |3 (RuTPU)RU\TPU\pers\1308 
600 1 |a Славянов  |b Н. Г.  |c российский изобретатель  |f 1854-1897  |g Николай Гаврилович  |2 stltpush  |3 (RuTPU)RU\TPU\pers\13138  |9 3822 
600 1 |a Усагин  |b И. Ф.  |c русский физик  |f 1855-1919  |g Иван Филиппович  |2 stltpush  |3 (RuTPU)RU\TPU\pers\23598  |9 10295 
600 1 |a Попов  |g Александр Степанович  |b А. С.  |c российский физик  |f 1859-1905/1906  |c электротехник  |2 stltpush  |3 (RuTPU)RU\TPU\pers\1295 
600 1 |a Доливо-Добровольский  |b М. О.  |f 1861/1862-1919  |g Михаил Осипович  |c российский электротехник  |2 stltpush  |3 (RuTPU)RU\TPU\pers\4090 
610 1 |a электротехника 
610 1 |a персоналии 
610 1 |a биографии 
610 1 |a жизнь 
610 1 |a деятельность 
675 |a 621.3  |v 3 
700 1 |a Рудометов  |b И. И. 
702 1 |a Белькинд  |b Л. Д.  |4 340 
801 1 |a RU  |b 63413507  |c 20110131 
801 2 |a RU  |b 63413507  |c 20190122  |g RCR 
942 |c BK